Göçler çağı (Record no. 10231)

MARC details
000 -BAŞLIK
Sabit Uzunlukta Kontrol Alanı 01266na a2200337 4500
001 - KONTROL NUMARASI
Denetim Alanı 13049
003 - KONTROL NUMARASI IDENTIFIER
Denetim Alanı MIRAKIL
005 - SON İŞLEM TARİHİ VE ZAMANI
Denetim Alanı 20181213155312.0
008 - SABİT-BOY VERİ ELEMANLARI - GENEL BİLGİLER
Sabit Uzunlukta Kontrol Alanı 160817b tu 000 0
020 ## - ULUSLARARASI STANDART KİTAP NUMARASI
Uluslararası Standart Kitap Numarası 9786053990208
035 ## - SİSTEM KONTROL NUMARASI
Sistem Kontrol Numarası 13049
040 ## - KATALOGLAMA KAYNAK
Orijinal Kataloglama Ajansı Milas
Kataloglama Dili tur
Metne Dönüştürmek Ajansı TR-AnCHP
082 ## - DEWEY ONLU SINIFLANDIRMA NUMARASI
Sınıflandırma Numarası 304.82
Ürün Numarası C27g 2008
090 ## - SINIFLAMA NUMARASI
Sınıflama Numarası 304.82 C27g 2008
100 ## - ANA GİRİŞ - KİŞİSEL İSİM
Kişisel Ad Castles, Stephen
245 ## - BAŞLIK TABLOSU
Başlık Göçler çağı
Başlığın Kalan Modern dünyada uluslararası göç hareketleri
Sorumluluk Tablosu, Vb Stephen Castles, Mark J. Miller ; çevirenler: Bülent Uğur Bal, İbrahim Akbulut ; yayına hazırlayan: Belgin Çınar
246 ## - UNVAN FORM VARYING
Başlık Doğru / Kısa Başlığı Modern dünyada uluslararası göç hareketleri
260 ## - YAYIN, DAĞITIM, VB
Yayın, Dağıtım, Vb Yeri İstanbul
Yayıncı, Dağıtıcı, Vs Adı İstanbul Bilgi Üniversitesi Yayınları
Yayın, Dağıtım, Vb Tarihi 2008
300 ## - FİZİKSEL TANIM
Kapsam xix, 482 s.
Diğer Fiziksel Ayrıntıları tbl. ; hrt.
Boyutlar 23 sm.
490 ## - SERİSİ TABLOSU
Seri Beyanı İstanbul Bilgi Üniversitesi yayınları
Hacim / Ardışık Tanımı 195
490 ## - SERİSİ TABLOSU
Seri Beyanı Göç Çalışmaları
Hacim / Ardışık Tanımı 8
500 ## - GENEL NOT
Genel Not Özgün yapıt adı: The age of migration, international population movements in the modern world
504 ## - KAYNAKÇA VB NOT
Kaynakça Vb Notu Kaynakça (423-451) ve dizin var.
650 ## - KONU KATMA GİRİŞ - TOPİKAL DÖNEM
Topikal Süreli Veya Coğrafi Ad Giriş Elemanı Göç ve göçmenler
650 ## - KONU KATMA GİRİŞ - TOPİKAL DÖNEM
Topikal Süreli Veya Coğrafi Ad Giriş Elemanı Göç alma ve göç verme
650 ## - KONU KATMA GİRİŞ - TOPİKAL DÖNEM
Topikal Süreli Veya Coğrafi Ad Giriş Elemanı Uluslararası göç
700 ## - KATMA GİRİŞ - KİŞİSEL İSİM
Kişisel Ad Miller, Mark J.
700 ## - KATMA GİRİŞ - KİŞİSEL İSİM
Kişisel Ad Bal, Bülent Uğur
700 ## - KATMA GİRİŞ - KİŞİSEL İSİM
Kişisel Ad Akbulut, İbrahim
942 ## - EKLENDİ GİRİŞ ELEMANLARI (KOHA)
Sınıflandırma Veya Raf Düzeni Kaynak Dewey Decimal Classification
Koha Öğesi Türü Books
999 ## - SİSTEM KONTROL NUMARALARI (KOHA)
Koha Biblionumber 10231
Koha Biblioitemnumber 10231
Holdings
Kalıcı Konum Mevcut Konum Edinme Tarihi Edinim Kaynak Toplam Check-Out'Lar Tam Çağrı Numarası Barkod Tarih Son Görülme İtibaren Geçerli Fiyatlar Koha Öğesi Türü
CHP Kütüphanesi CHP Kütüphanesi 08/04/2016 Bağış   304.82 C27g 2008 000274 08/04/2016 08/04/2016 Books